Normal view
MARC view
Entry Personal Name
001 - CONTROL NUMBER
- control field: 64889
003 - CONTROL NUMBER IDENTIFIER
- control field: dpl
005 - DATE AND TIME OF LATEST TRANSACTION
- control field: 20240418160724.0
008 - FIXED-LENGTH DATA ELEMENTS
- fixed length control field: 240418|| aca||aabn | a|a d
040 ## - CATALOGING SOURCE
- Original cataloging agency: dpl
- Transcribing agency: dpl
100 ## - HEADING--PERSONAL NAME
- Personal name: पटेल,प्रतिभा
670 ## - SOURCE DATA FOUND
- Source citation: Work cat.: (dpl)202160: पटेल,प्रतिभा, जगद्गुरु आदि शंकराचार्य के प्रेरक प्रसंग/, 2022
